In Which Country Did They Die? - Statistics

General Stats
  • This quiz has been taken 91 times
  • The average score is 16 of 24
Answer Stats
Person Country % Correct
Mahatma Gandhi India
100%
Elvis Presley United States
100%
Princess Diana France
99%
Leo Tolstoy Russia
98%
George Orwell United Kingdom
96%
John Lennon United States
96%
Marie Curie France
92%
Franz Ferdinand Bosnia and Herzegovina
81%
Bob Marley United States
74%
Leon Trotsky Mexico
73%
Napoleon Bonaparte United Kingdom
73%
Che Guevara Bolivia
72%
Captain James Cook United States
68%
Jim Morrison France
64%
Francisco Pizarro Peru
62%
Oscar Wilde France
61%
Horatio Nelson Spain
59%
Alexander the Great Iraq
56%
Sigmund Freud United Kingdom
53%
Ferdinand Magellan Philippines
48%
Vasco de Gama India
46%
Aaliyah Bahamas
25%
Lisa "Left Eye" Lopes Honduras
13%
Arthur C. Clarke Sri Lanka
9%
No matching quizzes found
Score Distribution
Percent of People with Each Score
Percentile by Number Answered
Your Score History
You have not taken this quiz